| 000 | 00689nam a2200217Ii 4500 | ||
|---|---|---|---|
| 001 | 13447 | ||
| 003 | CO-ViMGA | ||
| 008 | 241108s9999||||xx |||||||||||||| ||und|| | ||
| 020 | _a9589612229 | ||
| 040 |
_aCO-ViMGA _bspa _erda _cCO-ViMGA |
||
| 041 | 0 | _aspa | |
| 082 | 0 | 4 | _aF.FC 342.86 - S35s |
| 110 | 2 |
_aSeminario Internacional Constitucionalismo Participación y Democracia _952959 |
|
| 245 | 1 | 0 | _aConstitucionalismo Participación y Democracia |
| 264 | 1 | _aBogotá, Colombia : Uniboyacá, 1997 | |
| 300 | _avolumen | ||
| 336 |
_atext _btxt _2rdacontent |
||
| 337 |
_aunmediated _bn _2rdamedia |
||
| 338 |
_avolume _bnc _2rdacarrier |
||
| 940 | _aidficha_siabuc: 13149. -- ficha_no_siabuc:13447 | ||
| 999 |
_c48243 _d48243 |
||